000 00755nam a2200205Ia 4500
001 15138
003 GE_BSU
008 181216s||||||||xx |||||||||||||| ||und||
040 _cGE_BSU
080 _a517.54
100 _aВиттих,Г
245 _aНовейшие исследования по однозначным аналитическим функциям
245 _cПер:с немецкого и доп. А.А. Гольдберга.Под ред:В,И,Вольковыского
260 _aМосква
260 _bГостехиздат
260 _c1960
300 _a319стр,20см
653 _aНовейшие исследования по однозначным аналитическим функциям
942 _cBK
999 _c48254
_d48254